banner-ar

البيريسترويك0 تفكير جديد لبلادنا والعالم / (Record no. 38410)

MARC details
000 -الفاتح
حقل البيانات ثابتة الطول 00691nam a2200217Ia 4500
008 - عناصر البيانات ثابتة الطول - معلومات عامة
حقل البيانات ثابتة الطول 140319s9999 xx 000 0 ara d
040 ## - مصدر الفهرسة
وكالة الفهرسة الأصلية GCL /
وكالة النسخ GCL
082 04 - رقم تصنيف ديوى العشرى
رقم التصنيف 320.5
رقم المادة ج ب
100 1# - المدخل الرئيسى - إسم شخصى
الإسم الشخصى جورباتشوف
245 10 - بيان العنوان
العنوان البيريسترويك0 تفكير جديد لبلادنا والعالم /
بيان المسئوليه,etc جورباتشوف
700 1# - المدخل الاضافى - اسم شخصى
الإسم الشخصى محمد المعلم(مراجع)
700 1# - المدخل الاضافى - اسم شخصى
الإسم الشخصى حمدى عبدالجواد
300 ## - الوصف المادى
التعداد 315 ص
490 ## - بيان السلسلة
عنوان السلسلة
650 04 - المدخل الاضافى بالموضوع-مصطلح موضوعى
مصطلح موضوعي الاحوال الاجتماعية
650 04 - المدخل الاضافى بالموضوع-مصطلح موضوعى
مصطلح موضوعي الاتحاد السوفيتى
650 04 - المدخل الاضافى بالموضوع-مصطلح موضوعى
مصطلح موضوعي الاحوال الاقتصادية
650 04 - المدخل الاضافى بالموضوع-مصطلح موضوعى
مصطلح موضوعي العلاقات الخارجية
942 ## - عناصر المدخل الإضافي( كوها)
مصدر التصنيف او مخطط الترفيف Dewey Decimal Classification
Koha [default] item type كتاب
Holdings
حالة التراجع حالة الفقد حالة تلف ليس للاعارة المكان المؤقت الموقع الحالى تاريخ الاكتساب اجمالي اﻻعارات رقم الطلب الباركود تاريخ اخر مشاهدة تاريخ تفعيل السعر نوع وعاء كوها
        مكتبة القاهرة الكبرى مكتبة القاهرة الكبرى 03/26/2014   320.5\ج ب 93598 03/26/2014 03/26/2014 كتاب

Powered By

EGPV